000 00808nam a2200229Ii 4500
003 JO-AjNU
008 230605s9999||||xx |||||||||||||| ||und||
017 _a1998/8/1248
020 _a9957-00-07-9
040 _aJO-AjNU
_bara
_erda
_cJO-AjNU
041 _aara
050 1 4 _aDS49.K42 1998
100 3 _aتاليف، عبد علي,
_eauthor
_99660
245 0 0 _aجغرافية العالم الإسلامي: أسس عامه في المحيطين الطبيعي والبشري
250 _aط1/الاصدار الاول
264 3 1 _aعمان: دار الشروق، 1998
300 _a240ص
336 _atext
_btxt
_2rdacontent
337 _aunmediated
_bn
_2rdamedia
338 _avolume
_bnc
_2rdacarrier
650 4 _aبلاد اسلامية- جغرافيا، عالم عربي- جغرافيا
_99661
999 _aA1414
_c4982
_d4982